000 00711nam a2200181 4500
008 171208b xxu||||| |||| 00| 0 eng d
020 _a0397512279
082 _21991
_aDC 616.33
_bTe31
245 _aTextbook of gastroenterology /
_ceditor, Tadataka Yamada ; associate editors, David H. Alpers [et al.].
260 _aPhiladelphia :
_bLippincott,
_c©1991.
300 _a(multiple pages),1408 pages :
_bcolored illustrations ;
_c29 cm.
500 _aIncludes bibliographical references and index.
650 0 _924624
_aGastroenterology
650 0 _924625
_aGastrointestinal system
_xDiseases
650 0 _924626
_aGastrointestinal Diseases
700 _924627
_aYamada, Tadataka, editor.
942 _2ddc
_cDC
999 _c7996
_d7996